00765 2200241 4500001002100000005001700021008004100038035002400079082001300103090001800116245008700134260011400221300002500335650003200360700003800392850001200430980001500442985000600457999001500463999001500478999001500493999001500508YOGYA-0209000005940420090227034633.0 ind  0010-020900000059404 a899.2311 a899.2311bGeg aGEGURITAN Sucita Muah SubudhicAlih aksara dan alih bahasa Ida Bagus Gede Budharta aJakartabDepartemen Pendidikan dan Kebudayaan Proyek Penerbitan Buku Bacaan Sastra Indonesia dan Daerahc1980 a315 hlmbilusc21 cm aKesusastraan Bali - Tembang aBudharta, Ida Bagus Gede Budharta aYOPDYOG a31-07-2008 a4 aa000057336 aa000057337 aa000057338 aa000057339